How to be a great sales professional / (Record no. 58433)

MARC details
000 -LEADER
fixed length control field 00780nam a22002057a 4500
005 - DATE AND TIME OF LATEST TRANSACTION
control field 20111116145348.0
010 ## - LCCN (DPL NO)
LC control number G-001605
020 ## - INTERNATIONAL STANDARD BOOK NUMBER
Terms of availability 195.00
International Standard Book Number 9788189107697
035 1d - SYSTEM CONTROL NUMBER
System control number G-001605
037 ## - SOURCE OF ACQUISITION
Source of stock number/acquisition Gift
082 ## - DEWEY DECIMAL CLASSIFICATION NUMBER
Classification number 658.85
100 ## - MAIN ENTRY--PERSONAL NAME
Personal name Qubein, Nido
245 ## - TITLE STATEMENT
Title How to be a great sales professional /
Statement of responsibility, etc by Nido Qubein
260 ## - PUBLICATION, DISTRIBUTION, ETC. (IMPRINT)
Place of publication, distribution, etc Bhopal
Name of publisher, distributor, etc Indra Publishing House
Date of publication, distribution, etc 2009
270 ## - ADDRESS
Address E-5/21, Arera Colony, Habibganj Police Station Road
City Bhopal
Postal code 462016
300 ## - PHYSICAL DESCRIPTION
Extent xvii, 187p.
Dimensions 24cm(pbk)
942 ## - ADDED ENTRY ELEMENTS (KOHA)
Source of classification or shelving scheme Dewey Decimal Classification
Item type English Books
Classification part 658.85
Call number suffix QUB
Holdings
Withdrawn status Lost status Not for loan Collection code Home library Current library Date acquired Source of acquisition Cost, normal purchase price Full call number Barcode Copy number Cost, replacement price Koha item type
      Non-fiction Janak Puri Janak Puri 16/11/2011 gift 195.00 658.85 QUB G-001605 1 1.00 English Books

© Delhi Public Library
Hit Counter
free hit counter